| 000 | 01236nam a2200397 a 4500 | ||
|---|---|---|---|
| 001 | 21474 | ||
| 003 | CZ PrNK | ||
| 005 | 20260302132624.0 | ||
| 007 | ta | ||
| 008 | 101104s2010 xr a b 000 j slo | ||
| 015 | _acnb002148643 | ||
| 020 |
_a9788025215265 _q(váz.) |
||
| 035 | _a(OCoLC)697267369 | ||
| 040 |
_aBOA001 _bcze _dABA001 |
||
| 041 | 1 |
_aslo _heng |
|
| 072 | 7 |
_a821-93 _xLiteratura pro děti a mládež (beletrie) _2Konspekt |
|
| 080 |
_a821-93 _2MRF |
||
| 080 |
_a821-32 _2MRF |
||
| 080 |
_a(0:82-32) _2MRF |
||
| 245 | 0 | 0 | _aCililing a veľká záchranná výprava |
| 260 |
_aV Prahe : _bEgmont, _c2010 |
||
| 300 |
_a64 s. : _bbarev. il. ; _c29 cm |
||
| 490 | 1 | _aDisney. Víly | |
| 500 | _aPřeloženo z angličtiny | ||
| 500 | _aNázev z obálky | ||
| 655 | 7 |
_apříběhy _2czenas |
|
| 655 | 7 |
_apublikace pro děti _2czenas |
|
| 655 | 9 |
_astories _2eczenas |
|
| 655 | 9 |
_achildren's literature _2eczenas |
|
| 765 | 0 | _tTinker Bell and the great fairy rescue | |
| 830 | 0 |
_aDisney. _pVíly |
|
| 856 | 4 | 1 |
_uhttp://krameriusndk.nkp.cz/search/handle/uuid:c1676c60-4439-11ef-a491-005056827e51 _yDigitalizovaný dokument |
| 901 |
_b9788025215265 _f[1. vyd.] _o20101129 |
||
| 910 | _aABA001 | ||
| 942 |
_2ddc _cKLDE _n0 |
||
| 999 |
_c21474 _d21474 |
||